000 00360nam a22001337a 4500
020 _a0-85934-058-9
082 _a621.381528 PEN'V
100 _aPENFOLD, R. A
_960810
245 _aVMOS PROJECTS
260 _aENGLAND
_bBERNARD
_c1981
300 _a96P
650 _aELECTRONIC APPARATUS AND APPLIANCES TRANSISTOR CIRCUITS AMATURES MANUAL
_974902
942 _cBK
999 _c580403
_d580403